000 00706nam a2200181Ia 4500
008 100921s9999 xx 000 0 und d
082 _b23165
_a891.463 थ 64
100 _aभावे पुरूषोत्तम भास्कर.
245 _aआला क्षण गेला क्षण.
260 _bपरचुरे प्रकाशन,मुंबई.
_c1964
300 _a135
_bपरचुरे प्रकाशन, मुंबई
365 _b4.5
520 _aललित-कथा.
630 _aआला क्षण गेला क्षण.
650 _aललित-कथा.
730 _aआला क्षण गेला क्षण.
942 _cBOOK
999 _c772278
_d772275